ბათუმის შოთა რუსთაველის სახელმწიფო უნივერსიტეტის ბიბლიოთეკა

მორალიები / (ბიბ.ჩანაწერი № 55184)

000 -ლიდერი
ფიქსირებული სიგრძის საკონტროლო ველი 01546nam a2200277Ia 4500
001 - საკონტროლო ნომერი
საკონტროლო ველი 22259
003 - საკონტროლო ნომრის იდენტიფიკატორი
საკონტროლო ველი GE_BSU
005 - ბოლო ოპერაციის თარიღი და დრო
საკონტროლო ველი 20230220165833.0
008 - ფიქსირებული სიგრძის მონაცემთა ელემენტები - ზოგადი ინფორმაცია
ფიქსირებული სიგრძის საკონტროლო ველი 181216s ||||ge |||||||||||||| ||geo||
020 ## - წიგნის საერთაშორისო სტანდარტული ნომერი
International Standard Book Number 978-9941-401-95-4
040 ## - კატალოგიზაციის წყარო
Transcribing agency GE_BSU
041 ## - ენის კოდი
Language code of text/sound track or separate title geo
080 ## - უნივერსალური ათობითი კლასიფიკაციის ინდექსი
Universal Decimal Classification number 821.14'01-82 პ-46
100 ## - მთავარი ჩანაწერი - პიროვნების სახელი
Personal name პლუტარქოსი
9 (RLIN) 16978
245 ## - ცნობა სათაურის შესახებ
Title მორალიები /
Statement of responsibility, etc პლუტარქოსი ; ძვ. ბერძნ. თარგმნა, შესავ. წერილი და განმარტ. დაურთო ნანა ტონიამ ; რედ. : რისმაგ გორდეზიანი, მანანა ღარიბაშვილი.
264 ## - წარმოების, გამოცემის, დისტრიბუციის და სხვა ცნობები
გამოცემის, წარმოების, დისტრიბუციის... ადგილი თბილისი :
გამოცემის, წარმოების, დისტრიბუციის... სახელწოდება ლოგოსი,
გამოცემის, წარმოების, დისტრიბუციის... თარიღი 2011.
300 ## - ფიზიკური აღწერა
Extent 259 გვ. ;
Dimensions 23 სმ.
490 ## - სერიის ცნობა
Series statement პროგრამა "ლოგოსი"
653 ## - INDEX TERM--UNCONTROLLED
Uncontrolled term მორალიები
653 ## - INDEX TERM--UNCONTROLLED
Uncontrolled term პუბლიკაციები და ღონისძიებები კლასიკური ფილოლოგიის, ბიზანტინისტიკისა და ნეოგრეცისტიკის სფეროში).
700 ## - ADDED ENTRY--PERSONAL NAME
Personal name ტონია, ნანა
Relator term მთარგმნელი
9 (RLIN) 16979
700 ## - ADDED ENTRY--PERSONAL NAME
Personal name გორდეზიანი, რისმაგ
Relator term რედაქტორი
9 (RLIN) 16980
700 ## - ADDED ENTRY--PERSONAL NAME
Personal name ღარიბაშვილი, მანანა
Relator term რედაქტორი
9 (RLIN) 3637
942 ## - ADDED ENTRY ELEMENTS (KOHA)
Koha item type წიგნი
Source of classification or shelving scheme
ეგზემპლარები
ჩამოწერის სტატუსი დაკარგული ეგზემპლარის სტატუსი კლასიფიკაციის წყარო ან თაროზე გაწყობის სქემა დაზიანების სტატუსი არ გაიცემა მუდმივი მდებარეობა (დაცვის ადგილი) ამჟამინდელი ადგილსამყოფელი თაროზე განთავსების ადგილი შეძენის თარიღი ღირებულება, შესყიდვის ნორმალური ფასი სრული შენახვის შიფრი შტრიხკოდი ბოლო ოპერაციის თარიღი ეგზემპლარის მიმდევრობითი ნომერი (კეტერი?) ფასის ძალაში შესვლის თარიღი ეგზემპლარის სახეობა საჯარო შენიშვნა
          ბათუმის შოთა რუსთაველის სახელმწიფო უნივერსიტეტის მთავარი ბიბლიოთეკა ბათუმის შოთა რუსთაველის სახელმწიფო უნივერსიტეტის მთავარი ბიბლიოთეკა წიგნსაცავი 2018-12-17 15.00 821.14'01-82 პ-46 57358 2018-12-17 57358 2018-12-17 წიგნი 15.00 ₾.
          ბათუმის შოთა რუსთაველის სახელმწიფო უნივერსიტეტის მთავარი ბიბლიოთეკა ბათუმის შოთა რუსთაველის სახელმწიფო უნივერსიტეტის მთავარი ბიბლიოთეკა წიგნსაცავი 2018-12-17 15.00 821.14'01-82 პ-46 57359 2018-12-17 57359 2018-12-17 წიგნი 15.00 ₾.